[Event "Olympiad Women-44"]
[Site "Chennai"]
[Date "2022.08.03"]
[Round "6.1"]
[White "Lohani, Sujana"]
[Black "Malehloa, Likhomo"]
[Result "1-0"]
[WhiteElo "1697"]
[BlackElo "1322"]
[PlyCount "207"]
[EventDate "2022.07.29"]
[EventType "team-swiss"]
[EventRounds "11"]
[EventCountry "IND"]
[SourceTitle "CBM 210"]
[Source "ChessBase"]
[SourceDate "2022.10.31"]
[SourceVersion "1"]
[SourceVersionDate "2022.10.31"]
[SourceQuality "1"]
[WhiteTeam "Nepal (W)"]
[BlackTeam "Lesotho (W)"]
[WhiteTeamCountry "NEP"]
[BlackTeamCountry "LES"]

1. d4 Nf6 2. Nf3 e6 3. c4 b6 4. g3 Bb7 5. Bg2 Be7 6. 0-0 0-0 7. Nc3 d5 8. cxd5 exd5 9. Qc2 Nbd7 10. Rd1 Re8 11. Bf4 a6 12. Ne5 Rc8 13. Qf5 g6 14. Qd3 c6 15. Rac1 Nh5 16. Bd2 Nxe5 17. dxe5 Bc5 18. Na4 Bf8 19. f4 a5 20. Be3 b5 21. Nc5 Ba8 22. Bh3 Bxc5 23. Bxc5 Rb8 24. Qa3 f5 25. Bg2 Ng7 26. e4 fxe4 27. Bxe4 Ne6 28. Bf2 Rc8 29. Bf3 Ng7 30. Qb3 Qd7 31. h4 Qe6 32. Qd3 Rcd8 33. Bb6 Rc8 34. Bxa5 Qh3 35. Bg2 Qg4 36. Qf3 Qe6 37. Kh2 Qf7 38. Bb4 h5 39. Bh3 Nf5 40. Bxf5 Qxf5 41. Qd3 Qf7 42. Bc5 Kg7 43. Rc3 Rcd8 44. Qd4 Qe6 45. Ra3 Rd7 46. b4 Kh6 47. Rdd3 Qg4 48. Qe3 Qf5 49. Ra7 Rxa7 50. Bxa7 Bb7 51. Bc5 Bc8 52. Rd2 Bd7 53. Qd3 Qh3+ 54. Kg1 Bf5 55. Qe3 Be4 56. Rh2 Qg4 57. Rd2 Qh3 58. Kf2 Qg2+ 59. Ke1 Qh1+ 60. Qg1 Qf3 61. Qf2 Qc3 62. Qe3 Qc1+ 63. Rd1 Qb2 64. Qd2 Qa3 65. Be3 Kh7 66. Rc1 Re6 67. Kf2 Qa8 68. Rc3 Qf8 69. Ke1 Qf5 70. Ra3 Re7 71. Qd4 Qh3 72. Bf2 Qh1+ 73. Kd2 Qb1 74. Qc3 Qf1 75. Be1 Qg2+ 76. Kc1 Qe2 77. Qd2 Qg4 78. Ra6 Qc8 79. Ra5 Qf5 80. Ra8 Qd7 81. Qd4 Qb7 82. Rf8 Rf7 83. Rxf7+ Qxf7 84. e6 Qxe6 85. Bc3 Qg8 86. Qa7+ Kh6 87. Bf6 g5 88. Bxg5+ Kg6 89. Qd4 Kf5 90. Qf6+ Kg4 91. Qxc6 Qh8 92. Bf6 Qh6 93. Qc3 Qf8 94. Kd2 Qa8 95. a3 Qb7 96. Ke2 Qa8 97. Bd4 Qe8 98. Kf2 Qd7 99. Qc5 Bg6 100. Qb6 Qf5 101. Qxb5 Qb1 102. Qe2+ Kf5 103. g4+ hxg4 104. Qe5# 1-0

[Event "Online Olym Div4 B"]
[Site "Chess.com INT"]
[Date "2021.08.22"]
[Round "11.1"]
[White "Alazmi, Amani"]
[Black "Malehloa, Likhomo"]
[Result "1-0"]
[WhiteElo "1520"]
[BlackElo "1305"]
[PlyCount "39"]
[EventDate "2021.08.20"]
[EventType "team (rapid)"]
[EventRounds "11"]
[EventCountry "USA"]
[SourceTitle "CBM 203 Extra"]
[Source "ChessBase"]
[SourceDate "2021.09.30"]
[SourceVersion "1"]
[SourceVersionDate "2021.09.30"]
[SourceQuality "1"]
[WhiteTeam "Kuwait"]
[BlackTeam "Lesotho"]
[WhiteTeamCountry "KUW"]
[BlackTeamCountry "LES"]

1. e4 e5 2. Bc4 Nc6 3. Nc3 Nf6 4. a3 Be7 5. d3 d6 6. h3 0-0 7. Nf3 a6 8. Ne2 b5 9. Ba2 Bb7 10. c3 Qd7 11. Ng3 Rad8 12. 0-0 Nb8 13. Nh2 Rfe8 14. Nf5 Nc6 15. Ng4 Nxg4 16. Qxg4 g6 17. Nh6+ Kg7 18. Qg3 f6 19. Nf7 Rb8 20. Bh6+ 1-0

[Event "Online Olym Div4 B"]
[Site "Chess.com INT"]
[Date "2021.08.20"]
[Round "1.1"]
[White "Niyonsaba, Aline"]
[Black "Malehloa, Likhomo"]
[Result "0-1"]
[WhiteElo "1165"]
[BlackElo "1305"]
[PlyCount "136"]
[EventDate "2021.08.20"]
[EventType "team (rapid)"]
[EventRounds "11"]
[EventCountry "USA"]
[SourceTitle "CBM 203 Extra"]
[Source "ChessBase"]
[SourceDate "2021.09.30"]
[SourceVersion "1"]
[SourceVersionDate "2021.09.30"]
[SourceQuality "1"]
[WhiteTeam "Rwanda"]
[BlackTeam "Lesotho"]
[WhiteTeamCountry "RWA"]
[BlackTeamCountry "LES"]

1. d4 Nf6 2. c4 g6 3. Nf3 Bg7 4. Nc3 0-0 5. Bg5 d6 6. e3 Nc6 7. Be2 a6 8. 0-0 Bg4 9. h3 Bd7 10. a3 e6 11. Qc2 Qc8 12. Rad1 Re8 13. Rfe1 e5 14. d5 Ne7 15. Nh2 h6 16. Bh4 Nf5 17. Bg3 Nxg3 18. fxg3 Rf8 19. g4 Qd8 20. Nf3 Qc8 21. Nh4 Qd8 22. Rf1 Nh7 23. Rf2 Qxh4 24. Rdf1 Nf6 25. Ne4 Nxe4 26. Qxe4 Qg5 27. Qd3 Rae8 28. Bf3 f5 29. e4 f4 30. Qb3 b6 31. Qc2 Qd8 32. b4 g5 33. c5 bxc5 34. bxc5 Bb5 35. Rb1 dxc5 36. Qxc5 Qd6 37. Qxd6 cxd6 38. Ra2 Rb8 39. Raa1 Rfc8 40. a4 Bd7 41. Be2 a5 42. Ba6 Rd8 43. Bb5 Kf8 44. Bxd7 Rxb1+ 45. Rxb1 Rxd7 46. Rb5 Ra7 47. Rb8+ Ke7 48. Rb6 Kd7 49. Rc6 Bf8 50. Kh2 Be7 51. Rb6 Bd8 52. Rc6 Rc7 53. Ra6 Rb7 54. Rc6 Rb4 55. Ra6 Rxa4 56. Ra7+ Bc7 57. Ra8 Bd8 58. Ra7+ Bc7 59. Ra8 Rxe4 60. Rh8 Rd4 61. Rxh6 Rxd5 62. Rg6 a4 63. Rxg5 a3 64. Rg8 Ra5 65. g5 a2 66. g6 a1Q 67. g7 Ra8 68. Rxa8 Qxa8 0-1

[Event "Olympiad Women-43"]
[Site "Batumi"]
[Date "2018.10.05"]
[Round "11.2"]
[White "Pires, Luzia"]
[Black "Malehloa, Likhomo"]
[Result "1-0"]
[WhiteElo "1729"]
[BlackElo "1174"]
[PlyCount "165"]
[EventDate "2018.09.24"]
[EventType "team-swiss"]
[EventRounds "11"]
[EventCountry "GEO"]
[SourceTitle "EXT 2020"]
[Source "ChessBase"]
[SourceDate "2019.10.17"]
[SourceVersion "1"]
[SourceVersionDate "2019.10.17"]
[SourceQuality "1"]
[WhiteTeam "Angola (W)"]
[BlackTeam "Lesotho (W)"]
[WhiteTeamCountry "ANG"]
[BlackTeamCountry "LES"]

1. e4 e6 2. d4 d5 3. exd5 exd5 4. Bd3 Nf6 5. h3 Be7 6. Nf3 0-0 7. Be3 a6 8. c3 Nc6 9. Nbd2 Be6 10. Bb1 Qc8 11. Qc2 g6 12. Qd1 Bf5 13. 0-0 Re8 14. Bxf5 Qxf5 15. Nh4 Qc8 16. Nhf3 Bf8 17. Bg5 Bg7 18. Qb3 Ne7 19. Rfe1 c6 20. Qb4 Nf5 21. Rxe8+ Nxe8 22. Re1 Nc7 23. Bf4 Ne6 24. Be5 Bxe5 25. Nxe5 Rb8 26. Ndf3 b6 27. g4 c5 28. Qa4 Ne7 29. Qd7 Qxd7 30. Nxd7 Rb7 31. Nde5 Rc7 32. Rd1 f6 33. Nd3 cxd4 34. cxd4 Kf7 35. Rc1 Rxc1+ 36. Nxc1 Nc6 37. Ne2 Ke7 38. Kf1 Kd7 39. a3 a5 40. Ke1 Kd6 41. Kd2 b5 42. b3 b4 43. a4 h6 44. Ke3 Ke7 45. Nh4 Kf7 46. Ng2 g5 47. Kd3 Ke7 48. Ne3 Nc7 49. Nf5+ Kf7 50. Nxh6+ Kg6 51. Nf5 Ne6 52. Ke3 Kf7 53. f4 Kg6 54. fxg5 fxg5 55. Kf3 Kf6 56. Ke3 Kg6 57. Nd6 Kf6 58. Nb7 Ke7 59. Nc5 Kf6 60. Nxe6 Kxe6 61. Kf3 Kf6 62. Kg3 Kg6 63. h4 gxh4+ 64. Kxh4 Kh6 65. g5+ Kg7 66. Kh5 Kh7 67. g6+ Kg7 68. Kg5 Ne7 69. Nf4 Nc6 70. Ne6+ Kg8 71. Kf6 Nb8 72. Ke5 Nd7+ 73. Kxd5 Nb6+ 74. Kc6 Nxa4 75. Kb5 Nc3+ 76. Kxa5 Nd5 77. Kb5 Ne7 78. Nf4 Kg7 79. Kxb4 Kf6 80. d5 Ke5 81. Kc5 Kxf4 82. g7 Ke5 83. d6 1-0

[Event "Olympiad Women-43"]
[Site "Batumi"]
[Date "2018.10.02"]
[Round "8.2"]
[White "Uwase, Joselyne"]
[Black "Malehloa, Likhomo"]
[Result "1-0"]
[WhiteElo "1551"]
[BlackElo "1174"]
[PlyCount "121"]
[EventDate "2018.09.24"]
[EventType "team-swiss"]
[EventRounds "11"]
[EventCountry "GEO"]
[SourceTitle "EXT 2020"]
[Source "ChessBase"]
[SourceDate "2019.10.17"]
[SourceVersion "1"]
[SourceVersionDate "2019.10.17"]
[SourceQuality "1"]
[WhiteTeam "Rwanda (W)"]
[BlackTeam "Lesotho (W)"]
[WhiteTeamCountry "RWA"]
[BlackTeamCountry "LES"]

1. e4 e6 2. d4 d5 3. e5 c5 4. Be3 Qb6 5. b3 Nc6 6. Nf3 Bd7 7. Be2 cxd4 8. Bxd4 Nxd4 9. Nxd4 Bc5 10. c3 Nh6 11. 0-0 0-0 12. b4 Be7 13. Nd2 f6 14. N2f3 Qc7 15. exf6 Bxf6 16. Rc1 Qd8 17. c4 Rc8 18. cxd5 Rxc1 19. Qxc1 e5 20. Ne6 Bxe6 21. dxe6 Kh8 22. Bc4 e4 23. Ne1 Qc7 24. Qc2 Rc8 25. Bb3 Qxc2 26. Nxc2 Ng8 27. Re1 Ne7 28. Rxe4 b6 29. g4 h6 30. Rc4 Rxc4 31. Bxc4 Kg8 32. f3 Kf8 33. Bb5 Nd5 34. Kf2 Ke7 35. Bd7 Nc7 36. Ke3 g6 37. f4 a6 38. a4 Kd6 39. Ke4 Nd5 40. b5 axb5 41. axb5 Nc3+ 42. Kd3 Nd5 43. Ke4 Nc3+ 44. Kf3 Nd5 45. Ne3 Nxe3 46. Kxe3 Kc5 47. Ke4 Kd6 48. Be8 Kxe6 49. Bxg6 Be7 50. Bf5+ Kd6 51. Bc8 Kc7 52. Ba6 Kd8 53. Kf5 Bf8 54. Kg6 Ke7 55. h4 Ke8 56. g5 hxg5 57. fxg5 Bc5 58. h5 Kf8 59. Kh7 Bd4 60. h6 Be3 61. g6 1-0